000
00333nam a2200145Ia 4500
999
_c
14138
_d
14138
003
OSt
005
20260413122924.0
008
260210s9999 xx 000 0 und d
020
_a
97875609460304
100
_a
Hustp
245
0
_a
Chinese Edition Vogue Design Xiang Gang
260
_b
Hustp
300
_a
161p:,
942
_c
BDES
_2
ddc